01293cam a2200313 a 4500001000500000005001700005020001800022040001800040050001500058082002000073100001900093245010800112250002600220260003700246300002300283490003400306500010600340500006000446505000700506520015400513521001700667521001600684650008000700650006700780650002000847650004600867700003400913700003200947204220231103114935.0 a9780020419105 aDLCcDLCdDLC00aHD9710.U5400a338.7/6292/09241 aAird, Hazel B.10aHenry Ford, young man with ideas /cby Hazel B. Aird and Catherine Ruddiman illustrated by Wallace Wood a1st Aladdin Books ed. aNew York :bAladdin Books,c1986 a192 pages :c19 cm 3Childhood of Famous Americans aReprint of the ed.: Indianapolis : Bobbs-Merrill, 1984, c1960. (Childhood of famous Americans series) aPublished 1960 under title: Henry Ford, boy with ideas. aP  aThe early life of the American automotive industrialist who founded the Ford Motor Company and pioneered in assembly-line methods of mass production. a650 bLexile aPbRaz-Plus 0aAutomobile industry and tradezUnited StatesxHistoryvJuvenile literature. 0aIndustrialistszUnited StatesvBiographyvJuvenile literature. 1aBusinesspeople. 1aAutomobile industry and tradevBiography.1 aRuddiman, CatherineeCoauthor1 aWood, Wallace,eillustrator